| 000 | 01029cam a22003138i 4500 | ||
|---|---|---|---|
| 001 | 907176862 | ||
| 003 | OCoLC | ||
| 005 | 20200813234315.0 | ||
| 008 | 150209s2015 miu b 001 0 eng | ||
| 010 | _a2014048983 | ||
| 020 | _a9780825442773 (alk. paper) | ||
| 020 | _a082544277X (alk. paper) | ||
| 035 |
_a(OCoLC)907176862 _z(OCoLC)905519918 |
||
| 040 |
_aDLC _beng _erda _cDLC _dBTCTA _dOCLCO _dYDXCP _dOCLCF _dBDX _dFOLLT _dOCLCO _dDTM _dEXN |
||
| 042 | _apcc | ||
| 049 | _aEXNs | ||
| 050 | 0 | 0 |
_aBV811.3 _bH18 2015 |
| 100 | 1 |
_aHammett, John S., _eauthor. |
|
| 245 | 1 | 0 |
_a40 questions about Baptism and the Lord's Supper / _cJohn S. Hammett. |
| 246 | 3 | _aForty questions about Baptism & the Lord's Supper. | |
| 260 |
_aGrand Rapids, MI: _bKregel, _c2015. |
||
| 300 |
_a331 pages ; _c23 cm. |
||
| 490 | 1 | _a40 questions series. | |
| 504 | _aIncludes bibliographical references and index. | ||
| 650 | 0 |
_aBaptism _vMiscellanea. |
|
| 650 | 0 |
_aLord's Supper _vMiscellanea. |
|
| 830 | 0 | _a40 questions series. | |
| 942 |
_2lcc _cBK |
||
| 999 |
_c49433 _d49433 |
||